Search the Library Catalogue
| 000 -LEADER | |
|---|---|
| fixed length control field | 00576nam a2200193Ia 4500 |
| 008 - FIXED-LENGTH DATA ELEMENTS--GENERAL INFORMATION | |
| fixed length control field | 240606s9999 xx 000 0 und d |
| 020 ## - INTERNATIONAL STANDARD BOOK NUMBER | |
| International Standard Book Number | 978-93-5523-193-2-2 |
| 082 ## - DEWEY DECIMAL CLASSIFICATION NUMBER | |
| Classification number | 920 |
| Item number | SUD |
| 100 ## - MAIN ENTRY--PERSONAL NAME | |
| Personal name | ஆ. இரா. வேங்கடாசலபதி |
| 245 #0 - TITLE STATEMENT | |
| Title | வ.உ.சி. வாராது வந்த மாமணி |
| 250 ## - EDITION STATEMENT | |
| Edition statement | 1 |
| 260 ## - PUBLICATION, DISTRIBUTION, ETC. | |
| Place of publication, distribution, etc. | நாகர்கோவில் |
| Name of publisher, distributor, etc. | காலச்சுவடு |
| Date of publication, distribution, etc. | 2022 |
| 300 ## - PHYSICAL DESCRIPTION | |
| Extent | 240 pages |
| 650 ## - SUBJECT ADDED ENTRY--TOPICAL TERM | |
| Topical term or geographic name entry element | ஆவணத் தொகுப்பு |
| 942 ## - ADDED ENTRY ELEMENTS (KOHA) | |
| Koha item type | |
| Withdrawn status | Lost status | Source of classification or shelving scheme | Damaged status | Not for loan | Home library | Current library | Date acquired | Cost, normal purchase price | Total Checkouts | Full call number | Barcode | Date last seen | Date last checked out | Cost, replacement price | Price effective from | Koha item type |
|---|---|---|---|---|---|---|---|---|---|---|---|---|---|---|---|---|
| Dewey Decimal Classification | Anna Centenary Library | Anna Centenary Library | 06.06.2024 | 290.00 | 1 | 920 SUD | 629751 | 18.08.2025 | 21.07.2025 | 290.00 | 06.06.2024 | Tamil Books | ||||
| Anna Centenary Library | Anna Centenary Library | 07.06.2024 | 290.00 | 1 | 920 SUD | 629752 | 29.10.2025 | 26.10.2025 | 290.00 | 07.06.2024 | Books |